Quizzes
Events
Quiz Creation
Community
Videos
Private Events
Remove Ads
Sign In
Join for FREE
Feedback
Dark Mode
Quiz Categories
Sports
Geography
Music
Movies
Television
Just For Fun
Miscellaneous
History
Literature
Language
Science
Gaming
Entertainment
Religion
Holiday
For Kids
Quiz Lab
Recent
Popular Today
Quiz Kudos Today
Editor Picks
Curator Picks
Quizzes by...
Day
Popularity
Type
Ratings
Length
Year
Community
Subscriptions
Recent Discussions
Orange Saloon
Badges
Playlists
Quests
Create
Leaderboards
Showdown
Live 5
Trivia Bingo
Activity
Puzzle Library
Sporcle Events
Private Events
Virtual Trivia
Globe League
Become a Host
Pub Owners
SporcleCon
Opinionation
Our Games
Videos
Blog
Mobile Apps
Partnerships
Remove Ads and Go Orange
Feedback
Just For Fun
Clickable
Get the Picture
Humor
Quick Pick
Word Ladder
Missing Word
Mixed Word
Blitz
Minefield
This or That
Alphabet
Color
Typing
Sporcle
Puzzle
Word Play
Follow That Line
Logic
Just For Fun
Clickable
Get the Picture
Humor
Quick Pick
Word Ladder
Missing Word
Mixed Word
Blitz
Minefield
This or That
Alphabet
Color
Typing
Sporcle
Puzzle
Word Play
Follow That Line
Logic
Random Quiz
Search Sporcle
×
Curator Pick
Curator Pick
Just For Fun
State
Type in answers that appear in a list
Type in answers that appear in a list
Classic
Best Score? Go Orange.
Rejected State Slogans Stats
Can you name the state based on the alternative motto?
By
singin185
8m
50 Questions
2,231 Plays
2,231 Plays
2,231 Plays
Comments
Comments
Give Quiz Kudos
Give Quiz Kudos
-
- Ratings
hide this ad
Forced Order
Answers have to be entered in order
Answers have to be entered in order
Random Order
Randomize order of answers
Randomize order of answers
Replay
Link that replays current quiz
Next Quiz
Link to next quiz in quiz playlist
You Got
0%
They Got
Avg Score
64%
Avg Friend Score
Upgrade to see
Score Distribution
Jump to the score distribution portion of the page
Score
0/50
Timer
08:00
0
Plays Today
Motto
State
% Correct
11,623 Eskimos can't be wrong!
Alaska
86.4%
We're not as cold as North Dakota
South Dakota
86.3%
Without Atlanta, we'd be Alabama.
Georgia
85.6%
Dorothy's not here anymore.
Kansas
85.3%
Please don't confuse us with West Virginia.
Virginia
85.1%
Please stop sending our mail to Mexico.
New Mexico
84.8%
It's not all fried chicken. We also have bourbon.
Kentucky
82.4%
Ski your aspen off.
Colorado
82.4%
There's more to us than just potatoes. Okay, maybe not, but they're really good potatoes.
Idaho
81.3%
We're not all drunk Cajun wackos, but that's our tourism campaign.
Louisiana
80.1%
To the right of Vermont, but really, who isn't?
New Hampshire
80%
Spare us the 'getting lei-
ed' jokes.
Hawaii
79.7%
By 30, our women have more plastic than your Honda.
California
79.5%
But it's a dry heat!
Arizona
79.4%
We're not really an island
Rhode Island
78.8%
Our Amish can beat up Ohio's Amish.
Pennsylvania
78.1%
Witch free since 1693.
Massachusetts
77.6%
Yes, We've All Seen Fargo
North Dakota
75.8%
10,000 Lakes, 10,000,000,000 mosquitoes
Minnesota
74.9%
Help! We're overrun by nerds and coffee addicts!
Washington
74.9%
Come Happy, Leave Broke!
Nevada
74.3%
The big, empty rectangle.
Wyoming
73.9%
Confederate dollars accepted.
Alabama
73.9%
Come smell our dairy air!
Wisconsin
72.2%
First line of defense against the Canadians!
Maine
70.1%
Motto
State
% Correct
Proud to tar your heels and your lungs
North Carolina
70.1%
Home of Big Sky Country, the Unabomber, and that's about it.
Montana
69.7%
Not quite New Jersey, but you can smell it from here.
Delaware
69.5%
Like the movie, but without the singing
Oklahoma
67.6%
Like Kansas, but without Judy Garland
Nebraska
66.5%
New York's Park and Ride
Connecticut
65.9%
Ask me about my grandkids!
Florida
65.7%
4,000,000 hipsters can't be wrong!
Oregon
62.7%
I got your ****in' slogan right here!
New York
59.4%
If at first you don't secede, try, try again!
Texas
58.7%
The Civil War ain't over till we say it's over!
South Carolina
57.6%
Your wives will love it!
Utah
57%
Like Massachusetts, except the Kennedys don't own it yet.
Vermont
53.9%
The Pirate's Kansas
Arkansas
53%
America's High Five
Michigan
51.9%
The Governor made my license plate
Illinois
46%
(State name): It's not just hello in Japanese.
Ohio
43.8%
Home of James T. Kirk
Iowa
40.6%
We love company.
Missouri
30.4%
You have to pay to leave.
New Jersey
29.8%
One big happy family!
West Virginia
28.1%
Now With Shoes!
Mississippi
28.1%
If you can dream it, we can tax it
Maryland
27.1%
4 billion years tsunami free!
Indiana
25.8%
As seen on Cops
Tennessee
23.6%
Quiz Playlist
Details
Report
Send in Message
Add To Playlist
Classic:
Type in answers that appear in a list
Forced Order:
Answers have to be entered in order
Random Order:
Randomize order of answers
Last Updated: Jun 27, 2017
Curator Pick in
Slogans
Quiz Scoreboard
CHALLENGE
Sign Up to Join the Scoreboard
Show All
Scores
Hide
Comments
May contain spoilers
Recently Published
Presidents Visiting Landmarks
by Hejman
History
7m
An Introduction to Baseball
by treessimontrees
Sports
5m
Movies - When Are They Set?
by FPL_Elf
Movies
5m
More to Explore
Quiz From the Vault
Featured Blog Post
Where Did the Easter Bunny Come From?
hide this ad
You Might Also Like...
Tags
Slogans Quiz
State Quiz
United States Quiz
Today's Top Quizzes in Just For Fun
Browse Just For Fun
hide this ad
Today's Top Quizzes in State
Browse State
Top Contributed Quizzes in Just For Fun
1
Spring Typing Challenge
2
Killer Double Trees 224 - Colour Match-Up
3
Crossword Whiteout! 49
4
Zeroing In: Just For Fun
5
Harry Potter Logic - 'In Chains' II
6
Survivor Winners Logic Puzzle
7
Word Ladder: Ahoy Matey
8
Kyle's 122nd Triple Trees
9
Edinburgh Fringe jokes 2015
10
Word Ladder: Wilderness Weapon
Explore More
Trending Topics
Kpop
Crossword
Disney
Marvel
Anime
NBA
Harry Potter
Country
Puzzle
Pokémon
NFL
Soccer
WWE
Song
The Office
hide this ad
More By:
singin185
Quiz
Plays
Rating
Category
Featured
Created
Rejected State Slogans
2,231
4.18
Just For Fun
Feb 4, 2011
All about Bermuda
382
4.40
Geography
Dec 31, 2010
Virginia Cities
253
4.86
Geography
Jul 17, 2010
World's Largest Pipe Organs
146
4.20
Music
Jul 20, 2011
Go to Creator's Profile
Score Distribution
Quiz Creator Spotlight
singin185
Follow
Send a Message
Quizzes Created
-
Created Quiz Play Count
-
More By This Creator
Popular Quizzes Today
1
Find the US States - No Outlines Minefield
2
Find the Countries of Europe - No Outlines Minefield
3
The Countries of the World
4
Find the US States
5
Popular People in 1961
6
US States
7
Risky Map Clicking: Biggest States A-Z
8
1-10 Letter E Words III
More Just For Fun Quizzes
Quick Pick: Mixed 'DRINK'
Curator's Pick
Trending Quizzes
Risky Map Clicking: Least Populous States A-Z
1-10 Letter G Words
1-10 Letter F Words
One Thing in Common: United Kingdom
Risky Map Clicking: Next State Alphabetically
Recently Updated
Leaping Animals
pecheneg
Reality TV Shows (A-Z)
bhenderson79
Rickey Henderson's Hall of Fame Teammates
pecheneg
Champions League XIs: Arsenal
pecheneg
Quick Pick: Celebrities in WWE's Hall of Fame
aduchscher
A-Z Keypad Blitz II
pecheneg
Multiple Oscar Actors
pecheneg
Mystery Phrase Blitz: Oscar 'Best Actors'
pecheneg
F. Scott Fitzgerald Novels
LTH
Pick 3 Villains
ddd62291
Trending Topics
Crossword
Harry Potter
Disney
Anime
Kpop
NBA
Marvel
The Office
Puzzle
Song
Country
Soccer
WWE
NFL
Pokémon
Your Account Isn't Verified!
In order to create a playlist on Sporcle, you need to verify the email address you used during registration. Go to your
Sporcle Settings
to finish the process.
Report this User
Report this user for behavior that violates our
Community Guidelines
.
Details:
Send Report
Go to the Sporcle.com Mobile Site →
Comments